000 00686nam a2200241 i 4500
001 C2-0299543
003 PPAK
005 20180728081156.0
008 090810s2009 my |||| ||||| | may d
020 _a9789835204913
040 _aPPAK
_beng
_cPPAK
_erda
082 0 4 _a378.595
_223
090 0 0 _a378.595
_bZAI
_dR
100 0 _aZaini Ujang,
_eauthor
245 1 0 _aMengangkasa pengajian tinggi
264 1 _aSkudai, Johor :
_bPenerbit Universiti Teknologi Malaysia ,
_c2009
300 _axxxii, 271 pages ;
_c24 cm
336 _2rdacontent
_atext
337 _2rdamedia
_aunmediated
338 _2rdacarrier
_avolume
650 1 0 _aEducation, Higher - Malaysia
942 _ddc
_cB
999 _c103474
_d103474